000 00650nam a2200217Ia 4500
008 131103s9999 xx 000 0 und d
020 _a876927002
_cRs.79
040 _aLoreto College
041 _aEnglish
082 _a371.26/EBE
_bLCLIB/38588
100 _aEbel,Robert L.
245 _aEssentials of educational measurement
_cRobert L.Ebel and David A.Frisbie
250 _a5th ed.
260 _aPrentice - Hall of India
_b1991
_cxii,370 p.
300 _a 23 cm.
504 _aIncludes bibliographical references and index
650 _aEducational Tests and Measurements
700 _aFrisbie,David A.
850 _aLCLIB
942 _cBK
999 _c10979
_d61458